Východiská pre obstaranie aplikačného softvéru

Investície do IT systému a identifikácia firemných požiadaviek. Kompatibilnosť aplikácie s IT infraštruktúrou podniku. Rozdelenie softvéru. Stratégia obstarávania aplikačného softvéru.

Na minha lista:
Detalhes bibliográficos
Autor principal: Černý, Matej, 1982-
Formato: Capítulo de Livro
Idioma:eslovaco
Assuntos:
Tags: Adicionar Tag
Sem tags, seja o primeiro a adicionar uma tag!

MARC

LEADER 00000nla$a2200000$$$4500
001 0125153
005 20240502072426.4
041 0 |a slo 
044 |a SK 
245 1 0 |a Východiská pre obstaranie aplikačného softvéru  |c Matej Černý 
520 |a Investície do IT systému a identifikácia firemných požiadaviek. Kompatibilnosť aplikácie s IT infraštruktúrou podniku. Rozdelenie softvéru. Stratégia obstarávania aplikačného softvéru. 
610 2 0 |a manažment informačný 
610 2 0 |a rozhodovanie investičné 
610 2 0 |a technológie informačné 
610 2 0 |a technológie komunikačné 
610 2 0 |a systémy informačné integrované 
610 2 0 |a servery 
610 2 0 |a softvér 
610 2 0 |a outsourcing 
100 1 |a Černý, Matej, 1982-